Philippe II, roi d'Espagne (Registro nro. 36561)
[ vista simple ]
| 000 -LEADER | |
|---|---|
| campo de control de longitud fija | 00608nam a2200181 i 4500 |
| 001 - NÚMERO DE CONTROL | |
| campo de control | 36561 |
| 003 - IDENTIFICADOR DE NÚMERO DE CONTROL | |
| campo de control | ES-MaACL |
| 005 - FECHA Y HORA DE LA ÚLTIMA TRANSACCIÓN | |
| campo de control | 20251109143052.0 |
| 007 - CAMPO FIJO DE DESCRIPCIÓN FÍSICA--INFORMACIÓN GENERAL | |
| campo de control de longitud fija | t| |
| 008 - DATOS DE LONGITUD FIJA--INFORMACIÓN GENERAL | |
| campo de control de longitud fija | 030218s1912 fr ||||1| fre d |
| 100 1# - ENTRADA PRINCIPAL--NOMBRE DE PERSONA | |
| Nombre de persona | Bratli, Charles. |
| 9 (RLIN) | 31395 |
| 245 10 - MENCIÓN DEL TÍTULO | |
| Título | Philippe II, roi d'Espagne |
| Resto del título | : étude sur sa vie et son caractère / |
| Mención de responsabilidad, etc. | Charles Bratli ; avec une preface du Conte Baguenault de Puchesse. |
| 260 ## - PUBLICACIÓN, DISTRIBUCIÓN, ETC. | |
| Lugar de publicación, distribución, etc. | [S.l. : |
| Nombre del editor, distribuidor, etc. | s.n., |
| Fecha de publicación, distribución, etc. | 1912] ( |
| Lugar de fabricación/manufactura | Saint Amand : |
| Fabricante | Bussière) |
| 300 ## - DESCRIPCIÓN FÍSICA | |
| Extensión | 300 p. ; |
| Dimensiones | 25 cm. |
| 700 0# - ENTRADA AGREGADA--NOMBRE PERSONAL | |
| Nombre de persona | Baguenault de Puchesse, |
| Títulos y otros términos asociados al nombre | Conte |
| 9 (RLIN) | 24651 |
| 852 ## - LOCALIZACIÓN | |
| Ubicación | ES-MaACL |
| Número de control de estantería | F-7507 |
| Estatus retirado | Estado de pérdida | Estado de daño | No para préstamo | Biblioteca de origen | Biblioteca actual | Ubicación en estantería | Fecha de adquisición | Fuente de adquisición | Total de préstamos | Signatura topográfica completa | Código de barras | Visto por última vez | Precio de reemplazo | Tipo de ítem Koha |
|---|---|---|---|---|---|---|---|---|---|---|---|---|---|---|
| Biblioteca del Ateneo de Madrid | Biblioteca del Ateneo de Madrid | Depósito 2 | 17/01/2008 | F-7507 | 1038421 | 23/02/2023 | 23/02/2023 | Libro impreso |
